MAASAI MARA UNIVERSITY

LIBRARY CATALOGUE

Contact Us: +254 020 2685356/7 or 0774 057787

Box: 861-20500, NAROK, KENYA

Email: info@mmarau.ac.ke

Normal view MARC view

Entry Personal Name

Number of records used in: 1

001 - CONTROL NUMBER

  • control field: 2950

003 - CONTROL NUMBER IDENTIFIER

  • control field: OSt

005 - DATE AND TIME OF LATEST TRANSACTION

  • control field: 20260416100952.0

008 - FIXED-LENGTH DATA ELEMENTS

  • fixed length control field: 260416|| aca||aabn | a|a d

040 ## - CATALOGING SOURCE

  • Original cataloging agency: OSt
  • Transcribing agency: OSt

100 ## - HEADING--PERSONAL NAME

  • Personal name: Hateley Peter

670 ## - SOURCE DATA FOUND

  • Source citation: Work cat.: (OSt)33469: Wilkinson Ian B. 2946, OXFORD HANDBOOK OF CLINICAL MEDICINE /, 2024.
© 2016 Maasai Mara University.